Libro de buen amor : versión antigua /

Gardado en:
Detalles Bibliográficos
Autor Principal: Arcipreste de Hita (autor)
Outros autores: Bolaño e Isla, Amancio (versión y prólogo) (versión y prólogo)
Formato: Libro
Idioma:Lingua castelá
Publicado: México : Porrúa, 1972, c1967
Etiquetas: Engadir etiqueta
Sen Etiquetas, Sexa o primeiro en etiquetar este rexistro!

MARC

LEADER 00000nam^a2200000^a^4500
001 000625329
005 20251205000000.0
009 20260310134014.433
037 |a Acervo ITESO - Biblioteca 
041 |a ESP 
091 |a FOB. 03467 
100 |a Arcipreste de Hita  |e (autor) 
245 1 0 |a Libro de buen amor :  |b versión antigua / 
264 4 |a México :  |b Porrúa,  |c 1972, c1967 
300 |a XXXI, 397 p. 
336 |a texto  |b txt  |2 rdacontenido 
337 |a sin mediación  |b n  |2 rdamedio 
338 |a volumen  |b nc  |2 rdasoporte 
649 |a XX 
700 |a Bolaño e Isla, Amancio  |e (versión y prólogo) 
910 |a Fondo Carlos de Obeso Orendain 
920 |a Impresos - Libros 
930 |a Fondos Especiales 
940 |a Literatura 
905 |a 147 
901 |a 625364-10  |b IT2  |c ESP  |i D  |u 20251205 
902 |a https://opac.biblio.iteso.mx/vufind/Record/000625329